| 000 | 00494nam a2200181Ia 4500 | ||
|---|---|---|---|
| 001 | 14085 | ||
| 005 | 20260306164848.0 | ||
| 008 | 260306t2012||||xx |||||||||||||| ||spa|| | ||
| 041 | _aESP | ||
| 082 |
_a006.32 _bS29 |
||
| 100 |
_aSchiff, Steven J. _eAUT |
||
| 245 | 0 |
_aNeural control engineering: _bthe emerging intersection between control theory and neurocience |
|
| 260 | _c2012 | ||
| 300 |
_axvi, 361 páginas : _c23 cm. |
||
| 650 | _aGEN | ||
| 654 | _aCCC | ||
| 942 |
_cLIB _dJUS _fJUS _2ddc _n |
||
| 999 |
_c14085 _d14085 |
||